• 首页
  • 本馆介绍
  • 公告通知
  • 最新文献
  • 馆藏检索
  • 电子资源
  • 读者导购
  • 参考咨询
  • 我的图书馆
  • 登录
  • 详细信息显示
  • 放入我的书架
  • 预约/预借图书
  • 作者相关作品
  • 分类相关作品
  • 丛书相关作品
  • 出版社相关作品

书目信息

  • 表格格式
  • 工作单格式
  • 卡片格式
题名:
“做主人教育”模式的探索与研究
    
 
作者: 许德胜 主编
分册:  
出版信息: 北京   九州出版社  2020.07
页数: 247页
开本: 24cm
丛书名:
单 册:
中图分类: G621.6
科图分类:
主题词: 小学--xiao xue--素质教育--教育研究
电子资源:
ISBN: 978-7-5108-9164-9
000 00801nam0 2200229 450
001 0104125631
005 20201104125713.0
010    @a978-7-5108-9164-9@dCNY46.00
100    @a20200911d2020 em y0chiy50 ea
101 0  @achi
102    @aCN@b110000
105    @aa z 000yy
106    @ar
200 1  @a“做主人教育”模式的探索与研究@A“zuo zhu ren jiao yu”mo shi de tan suo yu yan jiu@f许德胜主编
210    @a北京@c九州出版社@d2020.07
215    @a247页@c图,照片@d24cm
330    @a本书记录了张家湾镇中心小学在坚持开展“做主人教育”实验30余年来,提升学校教学品质的过程。全书共分理论研究篇、实践探索篇两章。
606 0  @a小学@Axiao xue@x素质教育@x教育研究
690    @aG621.6@v5
701  0 @a许德胜@Axu de sheng@4主编
801  0 @aCN@bBJSZM@c20201104
905    @b1261056-60@dG621.6@e1175@f5
    
    “做主人教育”模式的探索与研究/许德胜主编.-北京:九州出版社,2020.07
    247页:图,照片;24cm
    
    
    ISBN 978-7-5108-9164-9:CNY46.00
    本书记录了张家湾镇中心小学在坚持开展“做主人教育”实验30余年来,提升学校教学品质的过程。全书共分理论研究篇、实践探索篇两章。
●
相关链接 在E读中查询图书 在五车中查询图书 在当当中查询图书 在豆瓣中查询图书


正题名:"做主人教育"模式的探索与研究     索取号:G621.6/1175         预约/预借

序号 登录号 条形码 馆藏地/架位号 状态 备注
1 1261056   212610566   第一样本阅览室/ [索取号:G621.6/1175] 在馆    
2 1261057   212610575   教育系资料室/ [索取号:G621.6/1175] 在馆    
3 1261058   212610584   教育系资料室/ [索取号:G621.6/1175] 在馆    
4 1261059   212610593   第四借阅区/ [索取号:G621.6/1175] 在馆    
5 1261060   212610600   第四借阅区/ [索取号:G621.6/1175] 在馆    
唐山师范学院图书馆 欢迎您!
大连网信软件有限公司© 版权所有